[Event "Kharkov Rector Cup (Women) 7th"]
[Site "Kharkov"]
[Date "2005.04.24"]
[Round "5"]
[White "Dvoretska, Olena"]
[Black "Doluhanova, Evgeniya"]
[Result "1/2-1/2"]
[WhiteElo "2166"]
[BlackElo "2251"]
[PlyCount "24"]
[EventDate "2005.04.20"]
[EventType "tourn"]
[EventRounds "11"]
[EventCountry "UKR"]
[SourceTitle "CBM 105 Extra"]
[Source "ChessBase"]
[SourceDate "2005.05.01"]
[SourceVersion "1"]
[SourceVersionDate "2005.05.01"]
[SourceQuality "1"]

1. d4 d5 2. c4 c6 3. Nf3 Nf6 4. Qc2 e6 5. Bg5 Be7 6. Nbd2 Nbd7 7. e3 0-0 8. Bd3 Re8 9. 0-0 Nf8 10. Ne5 dxc4 11. Bxc4 Nd5 12. Bxe7 Qxe7 1/2-1/2

[Event "Kharkov Rector Cup (Women) 7th"]
[Site "Kharkov"]
[Date "2005.04.22"]
[Round "3"]
[White "Dvoretska, Olena"]
[Black "Romanova, Inna"]
[Result "0-1"]
[WhiteElo "2166"]
[BlackElo "2242"]
[PlyCount "112"]
[EventDate "2005.04.20"]
[EventType "tourn"]
[EventRounds "11"]
[EventCountry "UKR"]
[SourceTitle "CBM 105 Extra"]
[Source "ChessBase"]
[SourceDate "2005.05.01"]
[SourceVersion "1"]
[SourceVersionDate "2005.05.01"]
[SourceQuality "1"]

1. d4 e6 2. c4 Nf6 3. Nc3 Bb4 4. f3 d5 5. a3 Bxc3+ 6. bxc3 0-0 7. e3 c5 8. Bd3 dxc4 9. Bxc4 Qc7 10. Bb3 e5 11. Ne2 Nc6 12. d5 Na5 13. e4 Ne8 14. g4 Nd6 15. Ng3 b5 16. Bd2 Bd7 17. Nf5 Bxf5 18. gxf5 Nxb3 19. Qxb3 f6 20. Rg1 Kf7 21. Ra2 Rg8 22. Qb1 a6 23. h4 g6 24. Bh6 gxf5 25. Rag2 Rxg2 26. Rxg2 Rg8 27. Qc2 Qc8 28. Qf2 Rg6 29. Be3 f4 30. Bc1 Rxg2 31. Qxg2 Nc4 32. Kd1 Qg8 33. Qf2 Qg3 34. Qxg3 fxg3 35. Ke2 f5 36. exf5 Nd6 37. Be3 c4 38. Bg5 Nxf5 39. f4 e4 40. h5 Ke8 41. Bf6 Kd7 42. Be5 Nh4 43. Bf6 Nf5 44. Be5 Ke7 45. Bb8 Nh4 46. f5 Nxf5 47. Bf4 Kf6 48. Kf1 e3 49. Bb8 Ne7 50. Bxg3 Nxd5 51. Be1 Kf5 52. Ke2 Ke4 53. h6 Nf4+ 54. Kd1 Kd3 55. Bg3 Ng2 56. Kc1 e2 0-1